Project Management: Financial Evaluation with Strategic Planning, Networking and Contral (Record no. 52581)

000 -LEADER
fixed length control field 00412nam a2200145Ia 4500
008 - FIXED-LENGTH DATA ELEMENTS--GENERAL INFORMATION
fixed length control field 260330s9999 xx 000 0 und d
020 ## - INTERNATIONAL STANDARD BOOK NUMBER
International Standard Book Number 9.7881259313e+012
082 ## - DEWEY DECIMAL CLASSIFICATION NUMBER
Classification number 658
Item number PAT/P
100 ## - MAIN ENTRY--PERSONAL NAME
Personal name Patel, Bhavesh
245 #0 - TITLE STATEMENT
Title Project Management: Financial Evaluation with Strategic Planning, Networking and Contral
250 ## - EDITION STATEMENT
Edition statement 2nd
260 ## - PUBLICATION, DISTRIBUTION, ETC.
Place of publication, distribution, etc. Noida
Name of publisher, distributor, etc. Vikas Pub. House
Date of publication, distribution, etc. 2022
300 ## - PHYSICAL DESCRIPTION
Extent 761p.
942 ## - ADDED ENTRY ELEMENTS (KOHA)
Koha item type Book

No items available.

All Rights Reserved@MUIT

Powered by Koha